书目信息 |
| 题名: |
欢喜送作堆
|
|
| 作者: | 黄苓 著 | |
| 分册: | ||
| 出版信息: | 海口 南海出版公司 2005.02 |
|
| 页数: | 203页 | |
| 开本: | 21cm | |
| 丛书名: | 台湾女作家之水袖系列 | |
| 单 册: | ||
| 中图分类: | I247.57 | |
| 科图分类: | ||
| 主题词: | 长篇小说--chang pian xiao shuo--中国--现代 | |
| 电子资源: | ||
| ISBN: | 7-5442-2733-2 | |
| 000 | 00882nam 2200253 450 | |
| 001 | 012008323265 | |
| 005 | 20080423114621.60 | |
| 010 | @a7-5442-2733-2@dCNY14.00 | |
| 100 | @a20080423d2005 km y0chiy0120 ea | |
| 101 | 0 | @achi |
| 102 | @aCN@b460000 | |
| 105 | @ay z 000ay | |
| 106 | @ar | |
| 200 | 1 | @a欢喜送作堆@Ahuan xi song zuo dui@f黄苓著@Fhuang ling zhu |
| 210 | @a海口@c南海出版公司@d2005.02 | |
| 215 | @a203页@d21cm | |
| 225 | 2 | @a台湾女作家之水袖系列@Atai wan nu zuo jia zhi shui xiu xi lie |
| 330 | @a轰隆隆的鞭炮声从大街那一头传过来,没多久,就见一行喜气洋洋的迎亲队伍浩浩荡荡地出现了。在鼓乐的吹奏下,身着喜的红袍褂的新郎官… | |
| 410 | 0 | @12001 @a台湾女作家之水袖系列 |
| 606 | 0 | @a长篇小说@Achang pian xiao shuo@y中国@z现代 |
| 690 | @aI247.57@v4 | |
| 701 | 0 | @a黄苓@Ahuang ling@4著 |
| 801 | 0 | @aCN@bQSSK@c20080423 |
| 905 | @b20702026-28@dI247.57@eH852@f3 | |
| 欢喜送作堆/黄苓著.-海口:南海出版公司,2005.02 |
| 203页;21cm.-(台湾女作家之水袖系列) |
| ISBN 7-5442-2733-2:CNY14.00 |
| 轰隆隆的鞭炮声从大街那一头传过来,没多久,就见一行喜气洋洋的迎亲队伍浩浩荡荡地出现了。在鼓乐的吹奏下,身着喜的红袍褂的新郎官… |
| ● |
| 相关链接 |
|
|
|
正题名:欢喜送作堆
索取号:I247.57/H852
 
预约/预借
| 序号 | 登录号 | 条形码 | 馆藏地/架位号 | 状态 | 备注 |
| 1 | 702026 | 207020267 | 文学库108/108文学库 48排8列5层/ [索取号:I247.57/H852] | 在馆 | |
| 2 | 702027 | 207020276 | 文学库108/108文学库 48排8列5层/ [索取号:I247.57/H852] | 在馆 | |
| 3 | 702028 | 207020285 | 社科二线422/422社科库 48排2列3层/ [索取号:I247.57/H852] | 在馆 |